000 00454nam a2200145Ia 4500
008 100204s9999 xx 000 0 und d
082 _b13820
100 _aपाधये भाऊ
245 _aथोडीसी जो पी ली
260 _b"सरस प्रकाशन, वसई"
_c1986
300 _a164
630 _aथोडीसी जो पी ली
730 _aथोडीसी जो पी ली
942 _cBOOK
999 _c458252
_d458249